000
00259nam a2200109Ia 4500
008
190216s9999||||xx |||||||||||||| ||und||
100
_a
State Planning Board
245
0
_a
Economic Review 1989
260
_b
Kerala Government
650
_a
Economics
942
_c
BK
999
_c
9822
_d
9822